Southville International School and Colleges
Your cart is empty.
  • Cart
  • Lists
    Public lists Eva Luna New books Lux_list list_1
    Your lists Log in to create your own lists
  • Log in to your account
  • Your cookies
  • Search history
Southville International School and Colleges
  • Advanced search
  • Recent comments
  • Most popular
  • Libraries

Log in to your account

Log in with GOOGLE


If you do not have an external account, but do have a local account, you can still log in:

  1. Home
  2. MARC view: Who was Ferdinand Magellan? /
Normal view MARC view ISBD view

Who was Ferdinand Magellan? / (Record no. 12241)

[ view plain ]
MARC details
000 -LEADER
fixed length control field 00607nam a22002057a 4500
003 - CONTROL NUMBER IDENTIFIER
control field OSt
005 - DATE AND TIME OF LATEST TRANSACTION
control field 20140310182346.0
008 - FIXED-LENGTH DATA ELEMENTS--GENERAL INFORMATION
fixed length control field 130313t xxu||||| |||| 00| 0 eng d
020 ## - INTERNATIONAL STANDARD BOOK NUMBER
International Standard Book Number 9780448431055
050 ## - LIBRARY OF CONGRESS CALL NUMBER
Classification number G 286.M2
Item number .K76 2004
082 ## - DEWEY DECIMAL CLASSIFICATION NUMBER
Classification number GS 920.910
Item number M27k 2004
100 ## - MAIN ENTRY--PERSONAL NAME
Personal name Kramer, Sydelle
9 (RLIN) 21965
245 ## - TITLE STATEMENT
Title Who was Ferdinand Magellan? /
Statement of responsibility, etc Sydelle Kramer ; illustrated by Elizabeth Wolf.
260 ## - PUBLICATION, DISTRIBUTION, ETC. (IMPRINT)
Place of publication, distribution, etc New York :
Name of publisher, distributor, etc Grosste & Dunlap,
Date of publication, distribution, etc c2004.
300 ## - PHYSICAL DESCRIPTION
Extent 105 p.
Other physical details ill., maps
Dimensions 20 cm.
541 ## - IMMEDIATE SOURCE OF ACQUISITION NOTE
-- 1
562 ## - COPY AND VERSION IDENTIFICATION NOTE
Number of copies 1
650 ## - SUBJECT ADDED ENTRY--TOPICAL TERM
Topical term or geographic name as entry element Kramer, Sydelle
9 (RLIN) 21966
942 ## - ADDED ENTRY ELEMENTS (KOHA)
Source of classification or shelving scheme Library of Congress Classification
Koha item type
Holdings
Withdrawn status Lost status Source of classification or shelving scheme Damaged status Home library Current library Shelving location Date acquired Total Checkouts Full call number Barcode Date last seen Date checked out Copy number Price effective from Koha item type
    Library of Congress Classification   Luxembourg Library Luxembourg Library Grade School Section 09/27/2013 1 G 286.M2 .K76 2004 14082 10/28/2015 07/31/2014 1 09/27/2013 Books

Who was Ferdinand Magellan? /

APA

Kramer S., . (2004). Who was Ferdinand Magellan?. New York: Grosste & Dunlap.

Chicago

Kramer Sydelle, . 2004. Who was Ferdinand Magellan?. New York: Grosste & Dunlap.

Harvard

Kramer S., . (2004). Who was Ferdinand Magellan?. New York: Grosste & Dunlap.

MLA

Kramer Sydelle, . Who was Ferdinand Magellan?. New York: Grosste & Dunlap. 2004.

  • Place hold
  • Print
  • Cite
  • Add to your cart (remove)
  • Save record
    BIBTEX Dublin Core MARCXML MARC (non-Unicode/MARC-8) MARC (Unicode/UTF-8) MARC (Unicode/UTF-8, Standard) MODS (XML) RIS
  • More searches
    Search for this title in:
    Other Libraries (WorldCat) Other Databases (Google Scholar) Online Stores (Bookfinder.com) Open Library (openlibrary.org)

Exporting to Dublin Core...

SOUTHVILLE LIBRARY

Southville International School and Colleges Library

1281 Tropical Ave. Cor. Luxembourg St., BF Homes International, Las Pinas City

Tel. No. 8256374 / 252358 Loc. 117/146

Powered by Koha